| 000 | 00719cam a2200241 a 4500 | ||
|---|---|---|---|
| 005 | 20250821142655.0 | ||
| 008 | 021008s2002 ck f 001 0 spa | ||
| 015 | _ack-2002-xxxx | ||
| 022 | 0 | _a1657-8309 | |
| 040 |
_aCO-CtgCURN _bspa _ccoctgcurn |
||
| 082 | 0 | 4 |
_a347.072 _bL514 _220 |
| 110 | 1 | _aLegis. | |
| 222 | 0 |
_aManual práctico tutela _b(Bogotá) |
|
| 245 | 1 | 0 |
_aManual práctico de tutela / _cLegis. |
| 250 | _a1a. ed. | ||
| 260 |
_aBogotá : _bLegis, _c2002. |
||
| 300 |
_a153 p. ; _c26 cm. |
||
| 500 | _aIncluye índice alfabético/informativo. | ||
| 650 | 1 | 4 | _aTutela. |
| 650 | 2 | 4 | _aAcción de tutela. |
| 942 |
_cBK _2ddc _h347.072 _iL514 |
||
| 999 |
_c49464 _d49464 |
||